La doctrine de Trujillo : (Registro nro. 30423)
[ vista simple ]
| 000 -CABECERA | |
|---|---|
| campo de control de longitud fija | 00687nam a2200193 a 4500 |
| 001 - NÚMERO DE CONTROL | |
| campo de control | 000030931 |
| 005 - FECHA Y HORA DE LA ÚLTIMA TRANSACCIÓN | |
| campo de control | 20200930062609.0 |
| 008 - DATOS DE LONGITUD FIJA--INFORMACIÓN GENERAL | |
| campo de control de longitud fija | 110607s1947 fr 000 0 spa d |
| 040 ## - FUENTE DE LA CATALOGACIÓN | |
| Centro catalogador/agencia de origen | DO-SdBNP |
| Lengua de catalogación | spa |
| Centro/agencia transcriptor | BNPHU |
| 082 ## - NÚMERO DE LA CLASIFICACIÓN DECIMAL DEWEY | |
| Número de clasificación | xxx |
| Número de documento/Ítem | S211d |
| 049 ## - FONDOS LOCALES (OCLC) | |
| Fondos de biblioteca | BNPD |
| 100 1# - ENTRADA PRINCIPAL--NOMBRE DE PERSONA | |
| Nombre de persona | Sánchez y Sánchez, Carlos |
| 9 (RLIN) | 45361 |
| 245 13 - MENCIÓN DE TÍTULO | |
| Título | La doctrine de Trujillo : |
| Resto del título | Sur la reconnaissance des gouvernements et la rupture des relations diplomatiques. |
| 260 ## - PUBLICACIÓN, DISTRIBUCIÓN, ETC. | |
| Lugar de publicación, distribución, etc. | París : |
| Nombre del editor, distribuidor, etc. | Maurice d' Hartoy, |
| Fecha de publicación, distribución, etc. | 1947. |
| 300 ## - DESCRIPCIÓN FÍSICA | |
| Extensión | 40 p. ; |
| Dimensiones | 25 cm. |
| 490 1# - MENCIÓN DE SERIE | |
| Mención de serie | Les próblemes contemporains |
| 500 ## - NOTA GENERAL | |
| Nota general | L' intervention á distance violation de la solidarité continentale |
| 830 #0 - PUNTO DE ACCESO ADICIONAL DE SERIE-TÍTULO UNIFORME | |
| Título uniforme | Les problémes contemporains |
| 9 (RLIN) | 57447 |
| Estado de retiro | Estado de pérdida | Restricciones de uso | No para préstamo | Código de colección | Localización permanente | Ubicación/localización actual | Ubicación en estantería | Fecha de adquisición | Número de inventario | Total de préstamos | Signatura topográfica completa | Código de barras | Fecha visto por última vez | Número de copia | Precio válido a partir de | Tipo de ítem Koha | Nota pública |
|---|---|---|---|---|---|---|---|---|---|---|---|---|---|---|---|---|---|
| Raros y valiosos | General | General | En catalogación | 07.06.2011 | LF1 | xxx S211d | 30931-30 | 25.06.2020 | e. 3 | 25.06.2020 | Préstamo en sala | Perteneció a la colección Julio Ortega Frier | |||||
| Excluido de préstamo | Raros y valiosos | Patrimonio Dominicano | Patrimonio Dominicano | En catalogación | 07.06.2011 | LF1 | xxx S211d | 30931-10 | 25.06.2020 | 25.06.2020 | No se presta | Perteneció a la colección Julio Ortega Frier | |||||
| Excluido de préstamo | Raros y valiosos | Patrimonio Dominicano | Patrimonio Dominicano | En catalogación | 07.06.2011 | LF1 | xxx S211d | 30931-20 | 25.06.2020 | e. 2 | 25.06.2020 | No se presta | Perteneció a la colección Julio Ortega Frier |
